| Tag |
First Indicator |
Second Indicator |
Subfields |
| LEADER |
00000cam a22000001i 4500 |
| 001 |
in00003956708 |
| 006 |
m d f |
| 007 |
cr bn mmmapmmp |
| 008 |
451025s1945 dcu o f000 0 eng d |
| 005 |
20250210231340.6 |
| 035 |
|
|
|a ebd1943004852
|
| 040 |
|
|
|a UMI
|c UMI
|e rda
|d UtOrBLW
|
| 086 |
0 |
|
|a W 97.101:945
|
| 099 |
|
|
|a W97.101..945
|
| 110 |
1 |
|
|a United States.
|b Army Service Forces.
|b Office of the Fiscal Director.
|0 http://id.loc.gov/authorities/names/no2008015534
|
| 245 |
1 |
0 |
|a Army Service Forces, Annual Report of the Office of Dependents Benefits, For the Fiscal Year 1945.
|
| 264 |
|
1 |
|a [Washington] :
|b [s.n.],
|c 1945.
|
| 300 |
|
|
|a 1 online resource (65 pages), digital, PDF file
|
| 336 |
|
|
|a text
|b txt
|2 rdacontent
|
| 337 |
|
|
|a computer
|b c
|2 rdamedia
|
| 338 |
|
|
|a online resource
|b cr
|2 rdacarrier
|
| 500 |
|
|
|a Includes tables and photographs.
|
| 533 |
|
|
|a Electronic reproduction.
|b [Bethesda, Md.] :
|c ProQuest,
|d 2016
|e digital, PDF file.
|n ProQuest U.S. Executive Branch Documents
|n Mode of access: World Wide Web via ProQuest website.
|
| 588 |
|
|
|a Record is based on online resource; title from PDF title page (ProQuest, last viewed Nov. 2016). Reuse except for individual research requires license from ProQuest, LLC.
|
| 650 |
|
0 |
|a Armies.
|0 http://id.loc.gov/authorities/subjects/sh85007309
|
| 650 |
|
0 |
|a Soldiers.
|0 http://id.loc.gov/authorities/subjects/sh85124554
|
| 650 |
|
0 |
|a Military dependents.
|0 http://id.loc.gov/authorities/subjects/sh85085184
|
| 650 |
|
0 |
|a Military pay.
|
| 856 |
4 |
0 |
|u http://proxy.library.tamu.edu/login?url=http://congressional.proquest.com/congressional/docview/t66.d71.w97.101..945?
|y Electronic resource (PDF)
|t 0
|
| 999 |
f |
f |
|s 2351bb41-3225-3a80-9e19-ce3a0971efb7
|i eb662e2d-867e-3754-a1d0-59268778462b
|t 0
|
| 952 |
f |
f |
|a Texas A&M University
|b College Station
|c Electronic Resources
|d Available Online
|t 0
|h No information provided
|
| 998 |
f |
f |
|t 0
|l Available Online
|